Griechischer Gott = Römischer Gott - Statistiken

Allgemein
  • Dieses Quiz wurde 210 mal gespielt
  • Das Durchschnittsergebnis liegt bei 14 aus 41
Antwortstatistiken
griech. Gott röm. Gott % Korrekt
Ares Mars
88%
Poseidon Neptun
82%
Aphrodite Venus
78%
Eros Amor / Cupido
77%
Hades Pluto /Dis
73%
Artemis Diana
69%
Apollon Apollo
68%
Herakles Herkules
61%
Hera Juno
60%
Dionysos Bacchus
59%
Athene Minerva
53%
Helios Sol
50%
Hephaistos Vulcanus
46%
Nike Victoria
44%
Demeter Ceres
41%
Hermes Mercur
38%
Selene Luna
36%
Gaia Tellus / Terra
34%
Pan Faunus
33%
Hestia Vesta
33%
Persephone Proserpina
27%
Hypnos Somnus
25%
Eos Aurora
22%
Nyx Nox
21%
Tyche Fortuna
19%
Hebe Juventas
17%
Aither Äther
14%
Chloris Flora
14%
Dike /Themis Justitia
14%
Thanatos Mors / Letum
14%
Rhea Ops
14%
Eirene Pax
13%
Eris Discordia
12%
Maia Fauna
12%
Ganymed Ganymedes
11%
Priapos Priapus
11%
Philotes Amicitia
9%
Oizys Miseria
9%
Asklepios Aesculapius
8%
Geras Senectus
8%
Momos Querella
7%
Keine übereinstimmenden Quizze gefunden
Verteilung der Resultate
Anzahl Personen mit jedem Resultat
Perzentil nach korrekt beantworteten Fragen
Ihre Resultats-Entwicklung
Sie haben dieses Quiz noch nicht gespielt